[Event "John hamer"]
[Site "SchemingMind.com"]
[Date "2016.07.30"]
[Round "-"]
[White "frankly"]
[Black "Glenn O'Brien"]
[Result "1-0"]
[WhiteCountry "ENG"]
[BlackCountry "AUS"]
[WhiteElo "2475"]
[WhiteRD "61"]
[BlackElo "1994"]
[BlackRD "86"]
[GameID "401942"]

1. e4 e5 2. Nf3 Nc6 3. Bb5 a6 4. Ba4 Nf6 5. O-O Be7 6. Re1 b5 7. Bb3 O-O 8. h3 d6 9. c3 Na5 10. Bc2 c5
11. d4 Qc7 12. d5 Bd7 13. b3 Nb7 14. Nbd2 g6 15. Nf1 Nh5 16. Bh6 Ng7 17. Qe2 f5 18. exf5 Bxf5 19. Bxf5 gxf5 20. a4 e4
21. axb5 axb5 22. Rxa8 Rxa8 23. Bxg7 Kxg7 24. N3d2 Bf6 25. Ne3 Qd7 26. g4 Bxc3 27. Nxf5+ Kf8 28. Nxe4 Bxe1 29. Qb2 Qf7 30. Ng5 Qxf5
31. gxf5 Nd8 32. Qh8+ Ke7 33. Qg7+ Ke8 34. f6 Ra7 35. Qxa7 Nb7 36. Qxb7 Bxf2+ 37. Kxf2 Kd8 38. Ne6+ Ke8 39. f7#
1-0

[Event "John hamer"]
[Site "SchemingMind.com"]
[Date "2016.11.03"]
[Round "-"]
[White "Clive Everill"]
[Black "Robert Bruce"]
[Result "0-1"]
[WhiteCountry "CZE"]
[BlackCountry "SCO"]
[WhiteElo "1710"]
[WhiteRD "56"]
[BlackElo "2288"]
[BlackRD "63"]
[GameID "405760"]

1. e4 Nf6 2. e5 Nd5 3. d4 d6 4. Nf3 dxe5 5. Nxe5 c6 6. Be2 Bf5 7. O-O Nd7 8. Nf3 e6 9. c4 N5f6 10. Bf4 Qb6
11. Qc1 h6 12. Nc3 Be7 13. h3 O-O 14. c5 Qd8 15. Nh4 Bh7 16. Be3 e5 17. f4 exd4 18. Bxd4 Bxc5 19. Bxc5 Nxc5 20. Kh1 Nfe4
21. Qe1 Nxc3 22. bxc3 Qf6 23. Rc1 Rfe8 24. Qf2 Bd3 25. Rce1 Rxe2 26. Rxe2 Bxe2 27. Qxe2 Qxh4 28. Qc4 Qe7 29. Qb4 Rd8 30. a4 Rd2
31. a5 Qe3 32. c4 Ne4 33. Rf3 Rd1+
0-1

[Event "John hamer"]
[Site "SchemingMind.com"]
[Date "2016.11.03"]
[Round "-"]
[White "Robert Bruce"]
[Black "Clive Everill"]
[Result "1-0"]
[WhiteCountry "SCO"]
[BlackCountry "CZE"]
[WhiteElo "2288"]
[WhiteRD "63"]
[BlackElo "1710"]
[BlackRD "56"]
[GameID "405761"]

1. d4 f5 2. g3 Nf6 3. Bg2 g6 4. Nf3 Bg7 5. b4 c6 6. c4 O-O 7. O-O Ne4 8. Qd3 d5 9. Nc3 e6 10. cxd5 exd5
11. a4 Na6 12. Rb1 Re8 13. Ba3 Nc7 14. Ne5 Bxe5 15. dxe5 Rxe5 16. Bb2 Re8 17. Nxe4 fxe4 18. Qd4 Qe7 19. Qh8+ Kf7 20. Qxh7+ Kf8
21. Qxg6 Qf7 22. Qh6+ Ke7 23. f3 e3 24. Be5 Ne6 25. f4 Bd7 26. Qh4+ Kf8 27. f5 Ng5 28. Qh6+ Ke7 29. Qxg5+ Kf8 30. Bd6+ Re7
31. f6
1-0

[Event "John hamer"]
[Site "SchemingMind.com"]
[Date "2017.01.29"]
[Round "-"]
[White "Helga1946"]
[Black "echecs"]
[Result "1-0"]
[WhiteCountry "GER"]
[BlackCountry "ENG"]
[WhiteElo "2192"]
[WhiteRD "74"]
[BlackElo "1858"]
[BlackRD "72"]
[GameID "409731"]

1. e4 e5 2. Nf3 Nc6 3. Bb5 d6 4. d4 exd4 5. Nxd4 Bd7 6. Bxc6 bxc6 7. O-O Be7 8. Re1 Nf6 9. c4 O-O 10. Nc3 Ng4
11. Nxc6 Bxc6 12. Qxg4 Bd7 13. Qg3 Bf6 14. Bf4 Be6 15. b3 Re8 16. e5 dxe5 17. Bxe5 c6 18. Bxf6 Qxf6 19. Ne4 Qh6 20. Qd6 Rec8
21. Qc5 Qg6 22. Nd6 Bh3 23. g3 Rd8 24. Qxc6 Qxd6 25. Re8+ Rxe8 26. Qxd6 Re6 27. Qb4 Rd8 28. Re1 Red6 29. Qxd6
1-0

[Event "John hamer"]
[Site "SchemingMind.com"]
[Date "2017.01.29"]
[Round "-"]
[White "echecs"]
[Black "Helga1946"]
[Result "0-1"]
[WhiteCountry "ENG"]
[BlackCountry "GER"]
[WhiteElo "1871"]
[WhiteRD "70"]
[BlackElo "2209"]
[BlackRD "74"]
[GameID "409732"]

1. e4 e5 2. Nf3 Nc6 3. Bc4 Bc5 4. O-O d6 5. c3 Qf6 6. b4 Bb6 7. a4 a6 8. d3 Qg6 9. g3 h5 10. Nh4 Qf6
11. Be3 Bh3 12. Re1 Bxe3 13. Rxe3 Bg4 14. Qb3 g5 15. Ng2 h4 16. Nd2 Nge7 17. a5 Qg6 18. b5 axb5 19. Qxb5 b6 20. Nb3 hxg3
21. Rxg3 Qh5 22. Kf1 Bd7 23. axb6 Rxa1+ 24. Nxa1 Nd4 25. Qb2 Qd1+ 26. Ne1 Rxh2 27. b7 Rh1+ 28. Rg1 Bh3#
0-1

[Event "John hamer"]
[Site "SchemingMind.com"]
[Date "2017.02.07"]
[Round "-"]
[White "chesshub"]
[Black "frankly"]
[Result "0-1"]
[WhiteCountry "FRA"]
[BlackCountry "ENG"]
[WhiteElo "2606"]
[WhiteRD "84"]
[BlackElo "2527"]
[BlackRD "58"]
[GameID "410197"]

1. e4 e5 2. Nf3 Nc6 3. Bb5 a6 4. Bxc6 dxc6 5. O-O Be6 6. d4 exd4 7. Nxd4 Qf6 8. Nxe6 Qxe6 9. Bf4 Bd6 10. Bxd6 cxd6
11. Nc3 O-O-O 12. Qd4 Nf6 13. Rae1 h5 14. f4 h4 15. h3 Kb8 16. Qf2 Nd7 17. Rd1 f6 18. b3 g5 19. Qd2 Nc5 20. fxg5 fxg5
21. Qxg5 Nxe4 22. Qe3 Rhe8 23. Rde1 Nc5 24. Qxe6 Rxe6 25. Rxe6 Nxe6 26. Ne2 Re8 27. Rf6 d5 28. Rh6 Ng7 29. Nf4 Nf5 30. Rh5 Ne3
31. Rxh4 Nxc2 32. Rh7 d4 33. g4 Ne1 34. Rd7 Re4 35. Kf2 Kc8 36. Rd6 Rxf4+ 37. Kxe1 Kc7 38. Rf6 Rxf6
0-1

[Event "John hamer"]
[Site "SchemingMind.com"]
[Date "2017.02.06"]
[Round "-"]
[White "frankly"]
[Black "chesshub"]
[Result "1/2-1/2"]
[WhiteCountry "ENG"]
[BlackCountry "FRA"]
[WhiteElo "2533"]
[WhiteRD "59"]
[BlackElo "2623"]
[BlackRD "78"]
[GameID "410198"]

1. e4 c5 2. Nf3 e6 3. Nc3 Nc6 4. d4 cxd4 5. Nxd4 Qc7 6. Be3 a6 7. a3 Nf6 8. f4 d6 9. Qd3 Be7 10. O-O-O Bd7
11. Be2 b5 12. Bf3 O-O 13. g4 Nxd4 14. Bxd4 Bc6 15. Rhe1 Rfe8 16. e5 dxe5 17. fxe5 Nd7 18. Bxc6 Qxc6 19. Kb1 Rac8 20. h4 Nc5
21. Qe2 Rc7 22. g5 Rb8 23. Ne4 Nxe4 24. Qxe4 Qe8 25. Rg1 b4 26. axb4 Rxb4 27. h5 g6 28. Rg2 a5 29. Rh1 Bf8 30. hxg6 fxg6
31. Rf2 a4 32. Rhf1 Bg7 33. Rh2 a3 34. b3 a2+ 35. Ka1 Qd8 36. Rd2 Rd7 37. Rfd1 Qxg5 38. Kxa2 Rd5 39. Qe2 Rb8 40. Qa6 Qe7
41. Bb2 Rxd2 42. Rxd2 Qe8 43. Kb1 Bf8 44. Qc4 Qc8 45. Qe4 Ra8 46. Rd6 Rb8 47. Rc6 Qd7 48. Ra6 Qf7 49. Qc4 Re8 50. Ka2 g5
51. b4 h5 52. b5 h4 53. Qg4 Qg6 54. Rc6 Bg7 55. b6=
1/2-1/2

[Event "John hamer"]
[Site "SchemingMind.com"]
[Date "2017.05.12"]
[Round "-"]
[White "DANDYLIONHONEYBADGER"]
[Black "Helga1946"]
[Result "0-1"]
[WhiteCountry "USA"]
[BlackCountry "GER"]
[WhiteElo "1269"]
[WhiteRD "81"]
[BlackElo "2208"]
[BlackRD "79"]
[GameID "413763"]

1. e4 e5 2. Nc3 Bc5 3. Qf3 Nf6 4. Nd5 Nxd5 5. exd5 d6 6. h4 O-O 7. h5 h6 8. d3 Nd7 9. Be3 Nf6 10. Bxc5 dxc5
11. c4 Re8 12. Be2 c6 13. dxc6 e4 14. dxe4 Nxe4 15. Rd1 Qa5+ 16. Kf1 Nd2+ 17. Rxd2 Qxd2
0-1

[Event "John hamer"]
[Site "SchemingMind.com"]
[Date "2017.08.11"]
[Round "-"]
[White "frankly"]
[Black "Robert Bruce"]
[Result "0-1"]
[WhiteCountry "ENG"]
[BlackCountry "SCO"]
[WhiteElo "2533"]
[WhiteRD "59"]
[BlackElo "2383"]
[BlackRD "75"]
[GameID "417083"]

1. d4 f5 2. g3 Nf6 3. Bg2 g6 4. Nf3 Bg7 5. O-O O-O 6. b3 Ne4 7. Bb2 d5 8. c4 c6 9. Nc3 e6 10. Qc2 Nd7
11. Rac1 b6 12. cxd5 cxd5 13. Nb5 Ba6 14. Qc3 Nxc3 15. Nxc3 Bh6 16. Rc2 Nf6 17. b4 Ne4 18. b5 Nxc3 19. bxa6 Ne4 20. Bc1 Bg7
21. Rb2 Qe8 22. Bf4 Qa4 23. e3 Rfc8 24. h4 Qa3 25. Rbb1 Rc2 26. Rbe1 h6
0-1

[Event "John hamer"]
[Site "SchemingMind.com"]
[Date "2017.08.11"]
[Round "-"]
[White "Robert Bruce"]
[Black "frankly"]
[Result "0-1"]
[WhiteCountry "SCO"]
[BlackCountry "ENG"]
[WhiteElo "2390"]
[WhiteRD "79"]
[BlackElo "2543"]
[BlackRD "60"]
[GameID "417084"]

1. c4 e5 2. g3 Nf6 3. Bg2 d5 4. cxd5 Nxd5 5. Nc3 Nb6 6. Nf3 Nc6 7. O-O Be7 8. a3 O-O 9. d3 Be6 10. Be3 f5
11. Rc1 Re8 12. Na4 e4 13. Ne1 Nd5 14. Nc2 Nxe3 15. Nxe3 f4 16. gxf4 Bd6 17. Nc4 Bxf4 18. e3 Bxh2+ 19. Kxh2 Qh4+ 20. Kg1 Bh3
21. Bxh3 Qxh3 22. Nc5 Ne5 23. Nxe5 Rxe5 24. Nxe4 Rh5 25. Qxh5 Qxh5 26. Rxc7 Qb5 27. Rfc1 Qxb2 28. R1c3 Rf8 29. a4 h6 30. Kg2 a6
31. a5 Rf5 32. Rc2 Qb1 33. R2c5 Qxd3 34. Rxf5 Qxe4+ 35. Rf3 g5 36. Rf7 g4 37. Rf8+ Kg7 38. Rf7+ Kg6 39. Rf6+ Kg5 40. Rf5+ Qxf5
41. Rxf5+ Kxf5
0-1